|
|
|
|
| LEADER |
00000cam a2200000 a 4500 |
| 001 |
vtls008324669 |
| 003 |
SK-MaSNL |
| 005 |
20260301020337.0 |
| 008 |
251106s1975 xo a e 000 0 slo |
| 015 |
|
|
|a SNBA1975
|
| 020 |
|
|
|q (brož.)
|
| 035 |
|
|
|a SK01SNK19750016886
|
| 035 |
|
|
|a SKM000019349
|
| 040 |
|
|
|a SNK
|b slo
|c SNK
|e AACR2
|
| 041 |
0 |
|
|a slo
|
| 044 |
|
|
|a xo
|c SK
|
| 080 |
|
|
|a 631.1:338.2(075.8)
|2 1981
|
| 080 |
|
|
|a 338.2:631.1(075.8)
|2 1981
|
| 100 |
1 |
|
|a Hutník, Felix,
|d 1928-2010
|4 aut
|9 39497
|
| 245 |
1 |
0 |
|a Hospodárska politika v agrokomplexe
|c Felo Hutník
|
| 250 |
|
|
|a 1. vyd.
|
| 260 |
|
|
|a Bratislava
|b Vysoká škola ekonomická
|c 1975
|
| 300 |
|
|
|a 159 s.
|b tab.
|c 4°
|
| 366 |
|
|
|e 200 výtl.
|
| 490 |
1 |
|
|a Vysokoškolské skriptá
|
| 500 |
|
|
|a Na tit. liste rok vyd. 1974
|
| 650 |
0 |
7 |
|a agrokomplex
|2 SNKPH
|9 244543
|
| 650 |
0 |
7 |
|a hospodárska politika
|2 SNKPH
|9 2279
|
| 655 |
|
7 |
|a učebnice vysokých škôl
|2 SNKPH
|9 70191
|
| 810 |
2 |
|
|a Vysoká škola ekonomická v Bratislave
|t Vysokoškolské skriptá
|9 222320
|
| 852 |
|
|
|a Slovenská národná knižnica
|
| 954 |
|
|
|a odborná, vedecká literatúra pôvodná (slovenská)
|2 lita
|
| 958 |
|
|
|a OND
|
| 958 |
|
|
|a RM
|
| 958 |
|
|
|a NB
|
| 999 |
|
|
|c 562769
|d 564699
|
| 952 |
|
|
|a SNK
|b SNK
|y PREZ
|7 0
|p 17A0920543
|o snkSB 21950
|i snkKSP 2686/75
|0 0
|1 0
|4 0
|d 2014-06-03
|f 1
|l 0
|r 2025-03-26 00:00:00
|w 2026-02-23
|
| 952 |
|
|
|a SNK
|b SNK
|y VYP
|7 0
|o snkSB 21950 D1
|i snkKSP 2687/75
|0 0
|1 0
|4 0
|d 2014-06-03
|l 0
|r 2026-02-23 13:47:58
|w 2026-02-23
|